Ciudad equis 1985 / (Registro nro. 68880)
[ vista simple ]
| 000 -LEADER | |
|---|---|
| fixed length control field | 01361cam a2200373 i 4500 |
| 001 - CONTROL NUMBER | |
| control field | 68880 |
| 003 - CONTROL NUMBER IDENTIFIER | |
| control field | Mx-PuUPA |
| 005 - DATE AND TIME OF LATEST TRANSACTION | |
| control field | 20260428110135.0 |
| 008 - FIXED-LENGTH DATA ELEMENTS--GENERAL INFORMATION | |
| fixed length control field | 250822s2010 mx a|||dr|||| 00| 0 spa d |
| 020 ## - INTERNATIONAL STANDARD BOOK NUMBER | |
| International Standard Book Number | 9786074716658 |
| 020 ## - INTERNATIONAL STANDARD BOOK NUMBER | |
| International Standard Book Number | 9789687791760 |
| Qualifying information | de la colección El Barco de Vapor |
| 040 ## - CATALOGING SOURCE | |
| Original cataloging agency | Mx-PuUPA |
| Language of cataloging | spa |
| Transcribing agency | Mx-PuUPA |
| Modifying agency | Mx-PuUPA |
| Description conventions | rda |
| 041 0# - LANGUAGE CODE | |
| Language code of text/sound track or separate title | spa |
| 100 1# - MAIN ENTRY--PERSONAL NAME | |
| Personal name | Quezadas, Juan Carlos, |
| Dates associated with a name | 1970- |
| 9 (RLIN) | 13423 |
| Relator term | autor |
| 245 10 - TITLE STATEMENT | |
| Title | Ciudad equis 1985 / |
| Statement of responsibility, etc. | Juan Carlos Quezadas ; ilustraciones de Juan Antonio Sánchez Rull |
| 250 ## - EDITION STATEMENT | |
| Edition statement | Primera edición |
| 264 #1 - PRODUCTION, PUBLICATION, DISTRIBUTION, MANUFACTURE, AND COPYRIGHT NOTICE | |
| Place of production, publication, distribution, manufacture | Ciudad de México : |
| Name of producer, publisher, distributor, manufacturer | SM de Ediciones, |
| Date of production, publication, distribution, manufacture, or copyright notice | 2010 |
| 300 ## - PHYSICAL DESCRIPTION | |
| Extent | 47 páginas : |
| Other physical details | ilustraciones (en blanco y negro) ; |
| Dimensions | 19 cm |
| 336 ## - CONTENT TYPE | |
| Fuente | rdacontent |
| Content type term | texto |
| Content type code | txt |
| 337 ## - MEDIA TYPE | |
| Source | rdamedia |
| Media type term | sin medio |
| Media type code | n |
| 338 ## - CARRIER TYPE | |
| Source | rdacarrier |
| Carrier type term | volumen |
| Carrier type code | nc |
| 490 1# - SERIES STATEMENT | |
| Series statement | El barco de vapor. Roja ; |
| Volume/sequential designation | 49 M |
| 500 ## - GENERAL NOTE | |
| General note | Reimpresiones: (Cuarta, 2017). |
| 521 1# - TARGET AUDIENCE NOTE | |
| Target audience note | A partir de 12 años. |
| 650 #7 - SUBJECT ADDED ENTRY--TOPICAL TERM | |
| Source of heading or term | armarc |
| Topical term or geographic name entry element | Desastres naturales |
| General subdivision | Literatura infantil |
| 650 #7 - SUBJECT ADDED ENTRY--TOPICAL TERM | |
| Source of heading or term | armarc |
| Topical term or geographic name entry element | Novelistas |
| General subdivision | Anécdotas |
| 650 #7 - SUBJECT ADDED ENTRY--TOPICAL TERM | |
| Source of heading or term | armarc |
| Topical term or geographic name entry element | Literatura infantil |
| 700 1# - ADDED ENTRY--PERSONAL NAME | |
| Personal name | Sánchez Rull, Juan Antonio, |
| Relator term | ilustrador |
| 830 #3 - SERIES ADDED ENTRY--UNIFORM TITLE | |
| Uniform title | El barco de vapor |
| Name of part/section of a work | Roja |
| Volume/sequential designation | 49 M |
| 942 ## - ADDED ENTRY ELEMENTS (KOHA) | |
| Source of classification or shelving scheme | Dewey Decimal Classification |
| Koha item type | Libro |
| Classification part | 863 |
| Item part | B2649 |
| Withdrawn status | Lost status | Source of classification or shelving scheme | Damaged status | Not for loan | Collection code | Home library | Current library | Shelving location | Date acquired | Source of acquisition | Cost, normal purchase price | Total Checkouts | Full call number | Barcode | Date last seen | Cost, replacement price | Price effective from | Koha item type |
|---|---|---|---|---|---|---|---|---|---|---|---|---|---|---|---|---|---|---|
| Dewey Decimal Classification | En catalogación | Infantil | Biblioteca Karol Wojtyla | Biblioteca Karol Wojtyla | Área de silencio | 20/08/2021 | 1 | 143.00 | 863 B2649 2010 | 101253 | 05/01/2026 | 143.00 | 20/08/2021 | Libro infantil |